Always Sunny: All Episodes Titles - Statistics

General Stats
  • This quiz has been taken 276 times
    275 since last reset
  • The average score is 105 of 156
Answer Stats
Season Episode Episode Name % Correct
1 4 Charlie Has {Cancer}
97%
8 6 Charlie's Mom Has {Cancer}
97%
3 3 Dennis and Dee's Mom is {Dead}
96%
5 10 The {D.E.N.N.I.S.} System
95%
1 1 The Gang Gets {Racist}
94%
1 2 Charlie Wants an {Abortion}
91%
2 10 Dennis and Dee Get a New {Dad}
91%
10 7 Mac Kills His {Dad}
91%
6 6 Mac's Mom Burns Her {House} Down
91%
3 9 {Sweet} {Dee}'s Dating a R******* Person
91%
6 3 The Gang Buys a {Boat}
91%
10 6 The Gang Misses the {Boat}
91%
11 6 Being {Frank}
90%
6 10 Charlie Kelly: King of the {Rats}
90%
3 11 Dennis Looks Like a Registered {Sex} {Offender}
90%
7 5 {Frank}'s Brother
90%
1 5 Gun {Fever}
90%
9 2 Gun {Fever} Too: Still Hot
90%
4 5 Mac and Charlie {Die}: Part 1
90%
4 6 Mac and Charlie {Die}: Part 2
90%
4 8 {Paddy's} {Pub}: The Worst Bar in Philadelphia
90%
2 8 The Gang Runs for {Office}
90%
10 4 {Charlie} Work
89%
6 7 Who Got Dee {Pregnant}?
89%
7 8 The {ANTI}-Social Network
88%
3 4 The Gang Gets Held {Hostage}
88%
11 1 {Chardee} {MacDennis} 2: Electric Boogaloo
87%
7 7 {Chardee} {MacDennis}: The Game of Games
87%
8 8 Charlie Rules the {World}
87%
2 3 Dennis and Dee Go on {Welfare}
86%
4 4 Mac's Banging the {Waitress}
86%
5 13 A Very Sunny {Christmas}
85%
7 10 How Mac Got {Fat}
85%
9 5 {Mac} Day
84%
11 5 Mac & Dennis Move to the {Suburbs}
84%
6 4 Mac's Big {Break}
83%
3 15 The Gang Dances Their {Asses} {Off}
83%
5 5 The Waitress Is Getting {Married}
83%
2 5 {Hundred} Dollar Baby
82%
15 7 Dee Sinks in a {Bog}
81%
7 3 Frank Reynolds' Little {Beauties}
81%
3 8 Frank Sets Sweet Dee {On} {Fire}
81%
2 4 Mac Bangs {Dennis'} {Mom}
81%
3 1 The Gang Finds a {Dumpster} {Baby}
81%
11 2 Frank Falls Out the {Window}
79%
5 11 Mac and Charlie Write a {Movie}
79%
9 4 Mac and Dennis Buy a {Timeshare}
79%
12 9 A {Cricket}'s Tale
78%
7 1 Frank's {Pretty} Woman
78%
1 3 {Underage} {Drinking}: A National Concern
78%
4 9 Dennis Reynolds: An {Erotic} Life
77%
8 7 Frank's Back in {Business}
77%
4 11 The Gang Cracks the {Liberty} {Bell}
77%
12 8 The Gang Tends {Bar}
77%
9 3 The Gang Tries Desperately to {Win} {an} {Award}
77%
4 7 Who {Pooped} {the} {Bed}?
77%
15 1 {2020}: A Year In Review
76%
9 8 {Flowers} for Charlie
76%
5 8 Paddy's Pub: Home of the Original {Kitten} {Mittens}
76%
4 2 The Gang Solves the {Gas} {Crisis}
76%
14 2 {Thunder} {Gun} 4: Maximum Cool
76%
7 11 {Thunder} {Gun} Express
76%
12 10 Dennis' Double {Life}
74%
15 5 The Gang Goes to {Ireland}
74%
13 1 The Gang Makes Paddy's {Great} {Again}
74%
9 6 The Gang {Saves} the Day
74%
15 6 The Gang's Still in {Ireland}
74%
3 14 {Bums}: Making a Mess All Over the City
73%
12 5 Making Dennis Reynolds a {Murderer}
73%
15 2 The Gang Makes {Lethal} {Weapon} 7
73%
5 7 The Gang {Wrestles} for the Troops
73%
1 7 Charlie Got {Molested}
72%
2 7 The Gang Exploits a {Miracle}
72%
5 4 The Gang Gives Frank an {Intervention}
72%
4 13 The {Night}man {Cometh}
72%
8 4 Charlie and Dee Find {Love}
71%
12 6 Hero or {Hate} {Crime}?
71%
10 1 The Gang Beats {Boggs}
71%
13 3 The Gang Beats {Boggs}: Ladies Reboot
71%
6 8 The Gang Gets a New {Member}
71%
6 11 The Gang Gets Stranded in the {Woods}
71%
12 1 The Gang Turns {Black}
71%
5 12 The Gang Reignites the {Rivalry}
70%
6 12 Dee Gives {Birth}
69%
15 8 The Gang Carries a {Corpse} Up a Mountain
69%
3 12 The Gang Gets {Whacked}: Part 1
69%
3 13 The Gang Gets {Whacked}: Part 2
69%
8 10 Reynolds vs. Reynolds: The {Cereal} {Defense}
68%
2 6 The Gang {Gives} Back
68%
13 10 Mac Finds His {Pride}
67%
10 2 The Gang {Group} Dates
67%
11 8 Charlie Catches a {Leprechaun}
66%
6 1 Mac Fights {Gay} {Marriage}
66%
4 1 Mac and Dennis: {Manhunters}
65%
9 1 The Gang {Broke} Dee
65%
11 9 The Gang Goes to {Hell}: Part 1
65%
11 10 The Gang Goes to {Hell}: Part 2
65%
7 2 The Gang Goes to the {Jersey} {Shore}
65%
15 4 The Gang Replaces Dee With a {Monkey}
65%
12 4 {Wolf} {Cola}: A Public Relations Nightmare
65%
2 9 Charlie Goes {America All Over Everybody's Ass}
64%
4 10 Sweet Dee Has a {Heart} {Attack}
64%
2 2 The Gang Goes {Jihad}
63%
8 1 {Pop-Pop}: The Final Solution
62%
11 4 Dee Made a {Smut} {Film}
61%
11 7 {McPoyle} vs. {Ponderosa}: The Trial of the Century
61%
3 6 The Gang Solves the {North} {Korea} Situation
61%
5 9 Mac and Dennis {Break} {Up}
60%
3 10 Mac is a {Serial} {Killer}
60%
5 1 The Gang Exploits the {Mortgage} {Crisis}
60%
1 6 The Gang Finds a {Dead} {Guy}
60%
5 2 The Gang Hits the {Road}
60%
10 5 The Gang Spies Like {U.S.}
60%
8 3 The {Maureen} {Ponderosa} Wedding Massacre
60%
7 12 The {High} {School} {Reunion}: Part 1
59%
7 13 The {High} {School} {Reunion}, The Gang's Revenge: Part 2
59%
2 1 Charlie Gets {Crippled}
58%
12 3 {Old} {Lady} {House}: A Situation Comedy
58%
8 9 The Gang {Dines} Out
58%
7 4 Sweet Dee Gets {Audited}
57%
14 6 The Janitor Always {Mops} {Twice}
56%
14 9 A Woman's Right to {Chop}
55%
13 8 Charlie's Home {Alone}
52%
11 3 The Gang Hits the {Slopes}
52%
10 8 The Gang Goes on {Family} {Fight}
51%
5 6 The {World} {Series} Defense
50%
6 2 Dennis Gets {Divorced}
48%
13 6 The Gang Solves the {Bathroom} Problem
48%
5 3 The Great {Recession}
48%
13 4 "{Time's} {Up}" for the Gang
48%
7 6 The {Storm} of the Century
47%
6 5 Mac and Charlie: {White} {Trash}
46%
4 12 The Gang Gets {Extreme}: {Home} {Makeover} Edition
46%
10 10 {Ass} {Kickers} {United}: Mac and Charlie Join a Cult
45%
10 3 {Psycho} {Pete} Returns
45%
14 8 Paddy's Has a {Jumper}
44%
3 5 The {Aluminum} {Monster} vs. {Fatty} {Magoo}
44%
13 5 The Gang Gets New {Wheels}
41%
12 7 {PTS}Dee
40%
12 2 The Gang Goes to a {Water} {Park}
40%
14 10 Waiting for {Big} {Mo}
39%
3 7 The Gang {Sells} Out
37%
10 9 Frank {Retires}
36%
13 7 The Gang Does a {Clip} {Show}
34%
3 2 The Gang Gets {Invincible}
31%
13 9 The Gang Wins the {Big} {Game}
31%
8 5 The Gang Gets {Analyzed}
30%
9 10 The Gang {Squashes} Their {Beefs}
29%
7 9 The Gang Gets {Trapped}
24%
15 3 The Gang Buys a {Roller} {Rink}
23%
9 7 The Gang Gets {Quarantined}
19%
14 7 The Gang Solves {Global} {Warming}
19%
14 5 The Gang {Texts}
19%
13 2 The Gang {Escapes}
18%
14 4 The Gang {Chokes}
13%
14 1 The Gang Gets {Romantic}
10%
No matching quizzes found
Score Distribution
Percent of People with Each Score
Percentile by Number Answered
Your Score History
You have not taken this quiz since the last reset